00000000nas##2200000za#4500
0019.515709
003CaOODSP
00520210705115226
007ta
008150406c1997||||xxc|| p #||||f|   |0eng|d
022 |a1489-839X
040 |aCaOODSP|beng
043 |an-cn---
0861 |aH115-4E
1101 |aCanada. |bCanadian Institute for Health Information.
24510|aMajor injury in Canada report
24613|aNational Trauma Registry, major injury in Canada report
260 |aOttawa - Ontario : |bCanadian Institute for Health Information
310 |aAnnual
3621 |a1996/97 --
5203 |aProvides data available from the registry's Comprehensive Data Set and includes data on patients hospitalized with major trauma.
69007|aInjuries|2gcpds
77508|tRapport, traumatismes graves au Canada |w(CaOODSP)9.514032
7760#|tNational Trauma Registry. Major injury in Canada : |w(CaOODSP)9.506066